Multiple Choice: Simpsons: The Regulars of Moe's Tavern Quiz Stats

 Plays Quiz not verified by Sporcle

Score 0/20 Timer 03:00
0 Plays Today
Question Answer Wrong Answers
Who is the only one who does not work at the nuclear plant? Barney
88.7%
Homer
1.4%
Lenny
1.4%
Carl
2.7%
Which is the only patron who is married? Homer
87.8%
Barney
0.9%
Lenny
1.4%
Carl
1.8%
Who has the middle name 'Jay'? Homer
86%
Barney
2.3%
Lenny
2.7%
Carl
1.8%
Which one is African-American? Carl
84.2%
Homer
0.9%
Barney
1.8%
Lenny
6.8%
Which one, technically, did not graduate high school until years later? Homer
80.5%
Barney
10%
Lenny
0.9%
Carl
2.3%
Which one got to be a professional baseball mascot? Homer
76%
Barney
9.5%
Lenny
5.4%
Carl
1.4%
Which one drank his first beer instead of studying for Harvard medical school? Barney
75.6%
Homer
10%
Lenny
5%
Carl
1.8%
Which one had a bar tab that had to be calculated by NASA? Barney
73.8%
Homer
14%
Lenny
2.7%
Carl
0.9%
Which one can't get pudding in his eye? Lenny
68.3%
Homer
4.5%
Barney
10.4%
Carl
9%
Which one had a gossip/conspiracy website named 'Mr. X'? Homer
67%
Barney
6.3%
Lenny
9%
Carl
10%
Which one sang a duet with Linda Ronstadt? Barney
66.5%
Homer
12.7%
Lenny
7.7%
Carl
5.4%
Which one had a diamond in his tooth? Lenny
65.2%
Homer
3.6%
Barney
10.4%
Carl
13.6%
Whose family is originally from Iceland? Carl
63.8%
Homer
2.7%
Barney
10.4%
Lenny
16.7%
Which one was the 'Plow King'? Barney
61.5%
Homer
30.3%
Lenny
1.8%
Carl
0.9%
Who, after making everyone at Moe's cry, said 'See, this is why I don't talk much.'? Carl
59.3%
Homer
7.7%
Barney
14.9%
Lenny
12.2%
Who said: “Eh, everybody makes mistakes, that's why they put erasers in the backs of pencils.”? Lenny
47.1%
Homer
18.1%
Barney
9.5%
Carl
18.6%
Who ends up taking over the nuclear plant when Mr. Burns went bankrupt? Lenny
45.2%
Homer
36.2%
Barney
2.7%
Carl
9%
Who played bass guitar in the band 'Sadgasm'? Carl
38.5%
Homer
23.1%
Barney
10%
Lenny
21.7%
Who sang, 'There's a kind of hush, all over the world tonight....' to their bowling ball? Lenny
29.9%
Homer
36.7%
Barney
20.8%
Carl
7.2%
Who has a tattoo of Foghorn Leghorn on his right thigh? Carl
21.7%
Homer
6.3%
Barney
30.8%
Lenny
32.1%

You're not logged in!

Compare scores with friends on all Sporcle quizzes.
OR
Log In

Show Comments

Extras

Top Quizzes Today


Score Distribution

Your Account Isn't Verified!

In order to create a playlist on Sporcle, you need to verify the email address you used during registration. Go to your Sporcle Settings to finish the process.

Report this User

Report this user for behavior that violates our Community Guidelines.

Details: